• 首页
  • 本馆介绍
  • 公告通知
  • 最新文献
  • 馆藏检索
  • 电子资源
  • 读者导购
  • 参考咨询
  • 我的图书馆
  • 登录
  • 详细信息显示
  • 放入我的书架
  • 预约/预借图书
  • 作者相关作品
  • 分类相关作品
  • 丛书相关作品
  • 出版社相关作品

书目信息

  • 表格格式
  • 工作单格式
  • 卡片格式
题名:
韩国民法
    
 
作者: 宋炳庸 著
分册:  
出版信息: 长春   吉林人民出版社  2005
页数: 186页
开本: 26cm
丛书名:
单 册:
中图分类: D931.26
科图分类:
主题词: 民法--韩国 , 民法 , 法律
电子资源:
ISBN: 7-206-02690-7
000 00768nam0 2200277 45
001 012006040708
005 20070707152719.01
010    @a7-206-02690-7@dCNY30.60
092    @aCN@b489756
100    @a20060407d2005 em y0chiy0120 ea
101 0  @achi
102    @aCN@b220000
105    @ay z 000yy
200 1  @a韩国民法@9han guo min fa@f宋炳庸[等]著
205    @a2版
210    @a长春@c吉林人民出版社@d2005
215    @a186页@d26cm
320    @a有书目
330    @a本书的主要内容:民法的意义;民法的渊源;民法的基本原则;民法的解释与适用;民法上的权利等。
606 0  @a民法@y韩国
606 0  @a民法
606 0  @a法律
690    @aD931.26@v4
701  0 @a宋炳庸@9song bing yong@4著
801  0 @aCN@bLZJBOOK@c20070707
905    @a10447@dD931.26@e58=2
    
    韩国民法/宋炳庸[等]著.-2版.-长春:吉林人民出版社,2005
    186页;26cm
    
    
    ISBN 7-206-02690-7:CNY30.60
    本书的主要内容:民法的意义;民法的渊源;民法的基本原则;民法的解释与适用;民法上的权利等。
●
相关链接 在E读中查询图书 在五车中查询图书 在当当中查询图书 在豆瓣中查询图书


正题名:韩国民法     索取号:D931.26/58=2         预约/预借

序号 登录号 条形码 馆藏地/架位号 状态 备注
1 0562453   205624537   第一样本阅览室/ [索取号:D931.26/58=2] 在馆    
2 0562454   205624546   第一借阅区/ [索取号:D931.26/58=2] 在馆    
3 0562455   205624555   第一借阅区/ [索取号:D931.26/58=2] 在馆    
4 0562456   205624564   第一借阅区/ [索取号:D931.26/58=2] 在馆    
5 0562457   205624573   第一借阅区/ [索取号:D931.26/58=2] 在馆    
6 0562458   205624582   第一借阅区/ [索取号:D931.26/58=2] 在馆    
7 0562459   205624591   第一借阅区/ [索取号:D931.26/58=2] 在馆    
8 0562460   205624608   第一借阅区/ [索取号:D931.26/58=2] 在馆    
唐山师范学院图书馆 欢迎您!
大连网信软件有限公司© 版权所有